000 00603nam a22001937a 4500
005 20260227102205.0
008 260227b |||||||| |||| 00| 0 eng d
020 _a9781462557004 (pbk)
040 _cPK-LaUMT
082 _a158
_bHAN-
245 _aHandbook of mindfulness :
_btheory, research, and practice /
_cedited by Kirk Warren Brown, J. David Creswell and Richard M. Ryan
250 _a2nd ed.
260 _aNew York :
_bThe Guilford Press,
_c2025
300 _a418 p.
650 _aAttention
_99569
650 _aAwareness
_94999
650 _aMeditation-Therapeutic use
_99570
942 _cBK
999 _c139936
_d139936